000 00578nam a2200181 i 4500
001 96389
003 ES-MaACL
005 20250522202343.0
007 t|
008 050616s1948 sp ||||1| spa d
100 1 _aMajada, Arturo.
_975639
245 1 0 _aNaturaleza jurídica del contrato deportivo /
_cArturo Majada Planelles; prólogo por Ramón María Roca Sastre.
260 _aBarcelona :
_bBosch,
_c1948.
300 _a107 p. ;
_c23 cm.
700 1 _aRoca Sastre, Ramón María,
_d1899-1979
_998011
852 _aES-MaACL
_j1884-F-15
_bR.25956
999 _c96389
_d96389